000 02234cam a2200301 i 4500
001 16390
003 DO-SdUEMH
005 20260210165912.0
007 ta
008 211105s2016 dr a|||gr|||| 000 0 spa|d
020 _a9789945901092
040 _aDO-SdUEMH
_bspa
_erda
041 _aspa
082 1 4 _mRD
_aRD374.012
_bM665a
084 _b16-00272
110 _aOrganización de Estados Iberoamericanos para la Educación, La Ciencia y la Cultura (OEI)
245 1 0 _aAprendo y construyo futuro:
_binforme de sistematización de aprendizajes /
_cFrancisco Cabrera ;
260 _c2016
264 0 1 _aSanto Domingo :
_bMINERD,
_c2016
300 _a76 paginas :
_bilustraciones ;
_c27 cm.
336 _2rdacontent
_atexto
_btxt
337 _2rdamedia
_asin mediación
_bn
338 _2rdacarrier
_avolumen
_bnc
490 _aQuisqueya aprende contigo. Plan nacional de alfabetización
505 1 _aPrólogo -- Introducción -- La sistematización y su método -- Quisqueya aprende contigo: un plan nacional que reinventa la educación de personas jóvenes y adultas en la República Dominicana -- Cinco principios generales sobre los que funciona -- La alfabetización en el contexto del Subsistema de Educación para Personas Jóvenes y Adultas -- El Plan Nacional de Alfabetización en el marco de la Estrategia Global contra la Pobreza “Quisqueya sin Miseria” -- Aprendizajes para la vida, sistematizando los aprendizajes -- Una constancia imprescindible -- ¿Quiénes son esas personas que vienen a aprender? -- No es una persona iletrada, ¡es excluida! -- Aprendizajes esperados -- Ocho competencias, seis unidades de aprendizaje y veinticuatro temas -- Una metodología basada en el enfoque sociocultural -- Tres recursos que apoyan el aprendizaje: los materiales educativos -- El diálogo de saberes -- El deseo de continuar aprendiendo -- Del plan a la vida: aprendizajes que trascienden -- Aprendizaje con propósitos claros -- Las razones que mueven a integrarse a procesos de aprendizaje -- ¿Qué aprendizajes se están alcanzando en Quisqueya Aprende Contigo? -- De la experiencia de Quisqueya Aprende Contigo: aprendizajes que deja el proceso -- Bibliografía -- Anexos.
942 _2ddc
_cBK
_n0
999 _c16390
_d16390